Modern Talking - songs (easy) - Statistics

General Stats
  • This quiz has been taken 36 times
  • The average score is 6 of 10
Answer Stats
Lyrics Song % Correct
Stay, 'cause the boy wants to gamble stay, love's more than he can handle girl Brother Louie
90%
I get up, I get down, all my world turns around Cheri, cheri lady
81%
Rings on your fingers, paint on your toes that's the way your story goes You can win if you want
76%
I'll keep the candles burnin', let your body melt in mine You're my heart, you're my soul
76%
There's a chance and I promise I won't hurt you anymore Atlantis is calling (S.O.S. for love)
71%
Touch your heart, you're the queen of broken hearts Geronimo's cadillac
71%
Oh, can you see the strangers in the pain and in the fears? In 100 years
52%
See the gates, a distant fire shows the way, to my desire Jet airliner
43%
I'm not a man who wants to be alone Sexy, sexy lover
33%
Feel my heart is burning, when the night is turning No face, no name, no number
29%
No matching quizzes found
Score Distribution
Percent of People with Each Score
Percentile by Number Answered
Your Score History
You have not taken this quiz